Представление документа в формате RUSMARC

ПолеНазваниеЗначение
  Тип записи a
  Библиографический уровень m
001 Контрольный номер SKBR/6c305072-d079-49ad-8d94-3ff560065258
005 Дата корректировки 20260115122519.7
010 Индекс ISBN __
a ISBN 978-5-907171-46-6
b Уточнения в пер.
9 Тираж 500 экз.
d Цена 2305-89
035 Другие системные номера __
a Идентификатор записи RU/Тюменская ОНБ/EKC/39/А 62-798490274
100 Данные общей обработки __
a Данные общей обработки 20250819d2023 m y0rusy028902 ca
101 Язык документа 0_
a Язык текста rus
102 Страна публикации __
a Страна публикации RU
105 Кодированные данные (монография) __
a Кодированные данные (монография) a z 001yd
181 Поле кодированных данных: вид содержания _0
a Код вида содержания (ISBD) i
182 Поле кодированных данных: тип средства _0
a Код типа средства (ISBD) n
200 Заглавие и сведения об ответственности 1_
a Заглавие Летчики-испытатели. Вертолетчики
f Первые сведения об ответственности Г. А. Амирьянц
203 Вид содержания и тип средства __
a Вид содержания Текст
c Тип средства непосредственный
210 Выходные данные 1_
a Место издания Москва
c Издательство Кучково поле
d Дата издания 2023
215 Физическое описание __
a Объем 636, [3] с.
c Иллюстрации/тип воспроизводства портр., фот., факс.
d Формат 24 см
320 Библиография __
a Библиография Именной указатель: с. [617]-636
330 Аннотация __
a Аннотация Основное событие, вокруг которого построено содержание книги, связано с подвигом и драматичной судьбой летчика-испытателя Летно-исследовательского института имени М. М. Громова Героя России Анатолия Демьяновича Грищенко. В книге рассказано о его самоотверженной борьбе с последствиями мировой техногенной катастрофы в Чернобыле вместе с другими летчиками-испытателями, а также многочисленными военными и гражданскими вертолетчиками. На этом фоне показана исключительно важная роль вертолетов в решении широкого круга проблем народного хозяйства и обороны страны. Подчеркнуто большое значение авиационной науки и конструкторских бюро в создании этой сложной, постоянно совершенствуемой винтокрылой техники. Основное внимание в книге уделено определяющему вкладу в этот процесс, с самых ранних его стадий по нынешнее время, нескольких поколений выдающихся летчиков-испытателей - самоотверженных профессионалов, людей особого мужества, знаний и умений, гражданской ответственности и чести.
333 Примечание о целевом назначении __
a Примечание о целевом назначении 12+. Для детей старше 12 лет
600 Персоналии _1
2 Код системы nlr_sh
a Персоналии (Фамилия) Грищенко
b Персоналии (Имя) А. Д.
g Полное имя Анатолий Демьянович
f Даты 1937-1990
600 Персоналии _1
2 Код системы nlr_sh
a Персоналии (Фамилия) Коновалов
b Персоналии (Имя) А. П.
g Полное имя Анатолий Петрович
600 Персоналии _1
2 Код системы nlr_sh
a Персоналии (Фамилия) Тиняков
b Персоналии (Имя) Г. А.
g Полное имя Георгий Александрович
f Даты 1913-1956
600 Персоналии _1
2 Код системы nlr_sh
a Персоналии (Фамилия) Капрэлян
b Персоналии (Имя) Р. И.
g Полное имя Рафаил Иванович
f Даты 1909-1984
600 Персоналии _1
2 Код системы nlr_sh
a Персоналии (Фамилия) Гарнаев
b Персоналии (Имя) Ю. А.
g Полное имя Юрий Александрович
f Даты 1917-1967
606 Тематические рубрики __
a Основная рубрика Транспорт
2 Код системы nlr_sh
606 Тематические рубрики __
a Основная рубрика Воздушный транспорт в целом
2 Код системы nlr_sh
610 Ключевые слова 1_
a Ключевые слова история росийской авиации
610 Ключевые слова 1_
a Ключевые слова летчики-испытатели
610 Ключевые слова 1_
a Ключевые слова вертолетчики
610 Ключевые слова 0_
a Ключевые слова российская авиация
610 Ключевые слова 0_
a Ключевые слова биографии
610 Ключевые слова 0_
a Ключевые слова персоналии
610 Ключевые слова 0_
a Ключевые слова летчики
686 Индексы других классификаций __
2 Код системы rubbks
a Классификационный индекс 39.5д
700 Автор _1
a Фамилия Амирьянц
b Имя Г. А.
g Полное личное имя Геннадий Ашотович
f Даты 1937-
4 Код отношения 070
801 Источник записи _2
b Организация Тюменская ОНБ
a Страна RU
c Дата составления 20230530
g Правила каталогизации PSBO
801 Источник записи _1
b Организация Тюменская ОНБ
a Страна RU
c Дата составления 20230601
g Правила каталогизации PSBO
852 Данные о местонахождении __
i Авторский знак А 62
j Шифр хранения 39.5д
900 Макрообъекты __
a Макрообъекты Летчики-испытатели. Вертолетчики, 2024
901 Тип документа __
a Ответственный КиК/Обаева
t Тип документа m
903 Характеристики (МАРС) __
a Дата передачи 20250820
c Наименование библиотеки (МАРС) Муниципальное бюджетное учреждение культуры "Централизованная библиотечная система" г. Сургут (Центральная городская библиотека им. А. С. Пушкина)
990 Данные о заказе (DOS) __
j Количество экземпляров (DOS) 1
t N записи в КСУ для И/У (DOS) 202509